Catálogo de fuentes de financiamiento con recursos internos y externos /
El documento proporciona información valiosa sobre diversas fuentes de financiamiento tanto internas como externas disponibles para apoyar proyectos y programas en el país. Consta de 55 páginas y ofrece una amplia gama de opciones para obtener recursos financieros, tanto del ámbito nacional como int...
Guardat en:
| Autor corporatiu: | |
|---|---|
| Format: | Desconegut |
| Idioma: | Spanish |
| Publicat: |
Costa Rica :
Consejo Nacional de Producción,
|
| Matèries: | |
| Etiquetes: |
Afegir etiqueta
Sense etiquetes, Sigues el primer a etiquetar aquest registre!
|
MARC
| LEADER | 00000 a2200000 04500 | ||
|---|---|---|---|
| 001 | 41690 | ||
| 003 | cru CIDCAS/IIS | ||
| 005 | 20230907163128.0 | ||
| 008 | 050623s2001 cr spa d | ||
| 040 | |c cru CIDCAS/IIS | ||
| 090 | |a 19.02.07 C357c | ||
| 110 | |a Consejo Nacional de Producción | ||
| 245 | |a Catálogo de fuentes de financiamiento con recursos internos y externos / |c Consejo Nacional de Producción | ||
| 260 | |a Costa Rica : |b Consejo Nacional de Producción, | ||
| 300 | |a 55 páginas | ||
| 520 | |a El documento proporciona información valiosa sobre diversas fuentes de financiamiento tanto internas como externas disponibles para apoyar proyectos y programas en el país. Consta de 55 páginas y ofrece una amplia gama de opciones para obtener recursos financieros, tanto del ámbito nacional como internacional. Esta herramienta es especialmente útil para individuos, organizaciones y empresas que buscan financiamiento para llevar a cabo proyectos en diferentes áreas. A través de su análisis exhaustivo, el catálogo presenta una visión completa de las opciones disponibles, brindando detalles sobre requisitos, condiciones y procedimientos para acceder a cada fuente de financiamiento. Dentro de sus páginas, se encuentran detalladas descripciones de las distintas fuentes de financiamiento, acompañadas de requisitos, condiciones y procedimientos necesarios para acceder a cada una de ellas. Esto es especialmente valioso para que los interesados puedan seleccionar la fuente que mejor se adapte a sus necesidades y cumplir con los criterios establecidos para su obtención.RAR | ||
| 650 | 0 | |2 OCDE |9 5349 |a FINANCIAMIENTO | |
| 650 | 4 | |2 OCDE |9 1931 |a PROYECTOS | |
| 650 | 0 | |2 OCDE |9 11641 |a ORGANIZACIONES | |
| 650 | 0 | |2 OCDE |9 244 |a EMPRESAS | |
| 650 | 0 | |2 UNESCO |9 599 |a CATALOGOS | |
| 650 | 0 | |2 UNESCO |9 2903 |a RECURSOS FINANCIEROS | |
| 942 | |2 z |c LI | ||
| 999 | |c 17510 |d 17510 | ||
